000 00475nam a2200157 4500
001 45768
090 _a45768
100 _a20260304 pory50
101 _aing
102 _aING
200 _aWhere's Mickey
_e[a search and find activity book]
_fDisney
_fwritten byEmma Drage
_gdesigned by Nia Williams
_gil. Maurizio Campidelli, Amy Zing ... [et al.]
210 _alondres
_cstudio Press
_d[cop. 2018]
215 _a40 p.
_cil.
675 _a087.5
801 _aPT
_gRPC
990 _cLIVROS